000 00612nam a2200217Ia 4500
005 20260629163254.0
008 260629s9999||||xx |||||||||||||| ||und||
020 _a9789381626344
_qpbk
082 _a823.92
_bTRI
100 _aTripathi, Amish
245 4 _aThe secret of the Nagas
260 _aChennai
_bWestland
_c2011
300 _axxii, 372p. ; 19 cm.
490 _aShiva trilogy ; Book 2
653 _aEpic fiction
653 _aFantasy fiction
653 _aHindu mythology—Fiction
653 _aHistorical fiction, Indian (English)
653 _aShiva (Hindu deity)—Fiction
942 _cBK
999 _c57287
_d57287